Movies Quiz

Random Movies or Clickable Quiz

1970 Oscar Winners (Clickable) Quiz Stats

Quiz not verified by Sporcle

Challenge
Share
Tweet
Embed
Score 0/14 Timer 03:00
0 Plays Today
% Correct
Midnight Cowboy
87%
Butch Cassidy and the Sundance Kid
79.7%
True Grit
78.9%
The Prime of Miss Jean Brodie
78%
They Shoot Horses, Don't They?
68.3%
Hello, Dolly!
67.5%
It's Tough to Be a Bird
67.5%
% Correct
Cactus Flower
65%
Anne of the Thousand Days
65%
Z
58.5%
Czechoslovakia 1968
56.1%
Arthur Rubinstein – The Love of Life
52%
Marooned
44.7%
The Magic Machines
39%

You're not logged in!

Compare scores with friends on all Sporcle quizzes.
Join for Free
OR
Log In

You Might Also Like...

Show Comments

Extras

Top Quizzes Today


Score Distribution

Your Account Isn't Verified!

In order to create a playlist on Sporcle, you need to verify the email address you used during registration. Go to your Sporcle Settings to finish the process.

Report this User

Report this user for behavior that violates our Community Guidelines.

Details: